Christian Ministry: Love in Action (Record no. 11047)

MARC details
000 -LEADER
fixed length control field 00641nam a2200229 a 4500
001 - CONTROL NUMBER
control field 0001-1047
003 - CONTROL NUMBER IDENTIFIER
control field ELIB.Books
008 - FIXED-LENGTH DATA ELEMENTS--GENERAL INFORMATION
fixed length control field 141126 2010 eng
020 ## - INTERNATIONAL STANDARD BOOK NUMBER
International Standard Book Number 13: 9789814305860
035 ## - SYSTEM CONTROL NUMBER
System control number (ELIB.Books)0001-1202
092 ## - LOCALLY ASSIGNED DEWEY CALL NUMBER (OCLC)
Classification number 266
Item number Koh
100 ## - MAIN ENTRY--PERSONAL NAME
Personal name Koh, Daniel K. S.
245 ## - TITLE STATEMENT
Title Christian Ministry: Love in Action
Remainder of title Essays in Honour of Rev Dr. George Wan Tian Soo
260 ## - PUBLICATION, DISTRIBUTION, ETC. (IMPRINT)
Place of publication, distribution, etc. Singapore
Name of publisher, distributor, etc. Methodist Welfare Services
Date of publication, distribution, etc. 2012
300 ## - PHYSICAL DESCRIPTION
Extent 230
Dimensions 21 Cm
650 ## - SUBJECT ADDED ENTRY--TOPICAL TERM
Topical term or geographic name as entry element Mission
856 ## - ELECTRONIC LOCATION AND ACCESS
Name of location of host KBTS; Library
Uniform Resource Identifier <a href="KBTS; Elib.">KBTS; Elib.</a>
942 ## - ADDED ENTRY ELEMENTS (KOHA)
Source of classification or shelving scheme Dewey Decimal Classification
Koha item type Books
990 ## - EQUIVALENCES OR CROSS-REFERENCES [LOCAL, CANADA]
Link information for 9XX fields 1
998 ## - LOCAL CONTROL INFORMATION (RLIN)
Cataloger's initials, CIN (RLIN) bat
-- 2014-11-26
Holdings
Withdrawn status Lost status Source of classification or shelving scheme Damaged status Not for loan Home library Current library Date acquired Total Checkouts Barcode Date last seen Bill Date Koha item type
    Dewey Decimal Classification     Karen Baptist Theological Seminary Library Karen Baptist Theological Seminary Library 26/11/2014   14567 22/01/2022 22/01/2022 Books
Implemented & Customized by: BestBookBuddies

Powered by Koha